[Event "CAN-ch University"]
[Site "Kingston"]
[Date "2016.01.10"]
[Round "5"]
[White "Wang, Zihan"]
[Black "Lo, Ryan"]
[Result "1-0"]
[WhiteElo "1753"]
[BlackElo "2190"]
[PlyCount "73"]
[EventDate "2016.01.09"]
[EventType "swiss"]
[EventRounds "5"]
[EventCountry "CAN"]
[SourceTitle "EXT 2022"]
[Source "ChessBase"]
[SourceDate "2021.10.06"]
[SourceVersion "1"]
[SourceVersionDate "2021.10.06"]
[SourceQuality "1"]

1. d4 Nf6 2. c4 g6 3. Nc3 d5 4. cxd5 Nxd5 5. e4 Nxc3 6. bxc3 c5 7. Bb5+ Bd7 8. Bxd7+ Qxd7 9. Be3 Bg7 10. e5 Nc6 11. Ne2 0-0 12. 0-0 Rfd8 13. Rb1 cxd4 14. cxd4 Na5 15. f4 e6 16. Qd3 Rac8 17. Rfc1 a6 18. Kf2 Bf8 19. Bd2 Nc6 20. Ke3 Bh6 21. Kf2 Ne7 22. Ba5 Rxc1 23. Rxc1 Rc8 24. g3 Rxc1 25. Nxc1 Qd5 26. Nb3 Qh1 27. Qf1 Qxh2+ 28. Qg2 Qxg2+ 29. Kxg2 Nd5 30. Bd8 Bf8 31. Na5 b6 32. Nc4 b5 33. Nd6 Bxd6 34. exd6 Kf8 35. d7 Nb4 36. Ba5 Ke7 37. d8Q# 1-0

[Event "CAN-ch U16"]
[Site "Ottawa"]
[Date "2013.07.11"]
[Round "3"]
[White "Lo, Ryan"]
[Black "Dukic, Zachary"]
[Result "1-0"]
[WhiteElo "2222"]
[BlackElo "1960"]
[PlyCount "131"]
[EventDate "2013.07.10"]
[EventType "swiss"]
[EventRounds "6"]
[EventCountry "CAN"]
[SourceTitle "EXT 2022"]
[Source "ChessBase"]
[SourceDate "2021.10.06"]
[SourceVersion "1"]
[SourceVersionDate "2021.10.06"]
[SourceQuality "1"]

1. d4 Nf6 2. c4 g6 3. Nc3 d5 4. cxd5 Nxd5 5. e4 Nxc3 6. bxc3 Bg7 7. Bc4 c5 8. Ne2 Nc6 9. Be3 0-0 10. 0-0 Qc7 11. Rc1 Rd8 12. Qd2 Qa5 13. Rfd1 Ne5 14. Bd5 Ng4 15. f3 Nxe3 16. Qxe3 e6 17. Bb3 cxd4 18. cxd4 Qb6 19. Qf2 Bd7 20. d5 Qxf2+ 21. Kxf2 exd5 22. Bxd5 Bc6 23. Bxc6 Rxd1 24. Rxd1 bxc6 25. Rd7 a5 26. Rc7 Ra6 27. Ke3 Be5 28. Rc8+ Kg7 29. g3 Rb6 30. Ra8 Rb5 31. Nd4 Rc5 32. Kd3 Rc1 33. Rxa5 Rd1+ 34. Kc2 Rxd4 35. Rxe5 Ra4 36. Kb3 Ra6 37. a4 Kf8 38. a5 f6 39. Rc5 Ke7 40. Kc4 Kd6 41. f4 Ke6 42. g4 Kd6 43. Kd4 Ra8 44. h4 Ra6 45. e5+ fxe5+ 46. fxe5+ Ke6 47. Ke4 h6 48. Kf4 Kd7 49. h5 gxh5 50. gxh5 Ra8 51. Kf5 Rg8 52. Kf6 Kc7 53. Rc1 Rg2 54. e6 Rf2+ 55. Ke7 Rf5 56. Ke8 Rxa5 57. Rf1 Rxh5 58. e7 Re5 59. Kf7 Kd6 60. Rd1+ Kc5 61. e8Q Rxe8 62. Kxe8 Kb4 63. Kd7 c5 64. Kd6 c4 65. Kd5 Kb3 66. Rc1 1-0

[Event "British Columbia-ch U20"]
[Site "Vancouver"]
[Date "2011.11.12"]
[Round "3.2"]
[White "Lo, Ryan"]
[Black "Doknjas, John"]
[Result "1/2-1/2"]
[WhiteElo "2018"]
[BlackElo "2036"]
[PlyCount "77"]
[EventDate "2011.11.12"]
[EventType "swiss"]
[EventRounds "5"]
[EventCountry "CAN"]
[SourceTitle "EXT 2022"]
[Source "ChessBase"]
[SourceDate "2021.10.06"]
[SourceVersion "1"]
[SourceVersionDate "2021.10.06"]
[SourceQuality "1"]

1. d4 Nf6 2. c4 c5 3. d5 e6 4. Nc3 exd5 5. cxd5 d6 6. e4 g6 7. Bd3 Bg7 8. h3 0-0 9. Nf3 b5 10. Bxb5 Nxe4 11. Nxe4 Qa5+ 12. Nfd2 Qxb5 13. Nxd6 Qa6 14. N2c4 Nd7 15. 0-0 Ne5 16. Nxe5 Bxe5 17. Nxc8 Raxc8 18. Re1 Qf6 19. Rb1 Bd4 20. Be3 Bxb2 21. d6 Bd4 22. Bxd4 cxd4 23. Rb4 Qxd6 24. Qxd4 Qxd4 25. Rxd4 Rfe8 26. Rxe8+ Rxe8 27. Ra4 Re7 28. h4 Kg7 29. Ra6 h5 30. Kh2 f6 31. f4 Kf7 32. Kg3 f5 33. Kf3 Kg7 34. Rc6 Kf7 35. a4 Kg7 36. a5 Kf7 37. a6 Kg7 38. g3 Kh6 39. Kf2 1/2-1/2

[Event "British Columbia op"]
[Site "Victoria"]
[Date "2009.07.26"]
[Round "5"]
[White "Raymer, Evan"]
[Black "Lo, Ryan"]
[Result "1-0"]
[WhiteElo "1903"]
[BlackElo "1615"]
[PlyCount "36"]
[EventDate "2009.07.24"]
[EventType "swiss"]
[EventRounds "5"]
[EventCountry "CAN"]
[SourceTitle "EXT 2011"]
[Source "ChessBase"]
[SourceDate "2010.11.26"]
[SourceVersion "1"]
[SourceVersionDate "2010.11.26"]
[SourceQuality "1"]

1. e4 c5 2. Nf3 e6 3. d4 cxd4 4. Nxd4 a6 5. Nc3 Qc7 6. Bd3 Nf6 7. 0-0 Be7 8. Kh1 d6 9. f4 Nbd7 10. a4 b6 11. f5 e5 12. Nb3 Bb7 13. Qf3 0-0 14. g4 Ne8 15. g5 Kh8 16. Nd5 Bxd5 17. exd5 a5 18. f6 gxf6 1-0

[Event "CAN-ch U12"]
[Site "Victoria"]
[Date "2009.07.22"]
[Round "3"]
[White "Lo, Ryan"]
[Black "McCleary, Reuben"]
[Result "1-0"]
[WhiteElo "1615"]
[BlackElo "1508"]
[PlyCount "67"]
[EventDate "2009.07.21"]
[EventType "swiss"]
[EventRounds "7"]
[EventCountry "CAN"]
[SourceTitle "EXT 2011"]
[Source "ChessBase"]
[SourceDate "2010.11.26"]
[SourceVersion "1"]
[SourceVersionDate "2010.11.26"]
[SourceQuality "1"]

1. d4 e6 2. c4 d5 3. Nc3 c5 4. cxd5 cxd4 5. Qxd4 Nc6 6. Qd1 exd5 7. Qxd5 Bd7 8. Nf3 Nf6 9. Qd1 Bb4 10. a3 Bxc3+ 11. bxc3 0-0 12. g3 Qc7 13. Bf4 Qa5 14. Qc1 Ne4 15. Bd2 Rfd8 16. Bg2 Rac8 17. h3 Bf5 18. Qb2 Rc7 19. 0-0 Rcd7 20. Be1 Qc5 21. a4 Nxg3 22. Qb5 Qxb5 23. axb5 Nxe2+ 24. Kh2 Ne7 25. Rxa7 Ng6 26. Nd4 Nxd4 27. cxd4 Rxd4 28. Rxb7 R4d7 29. Rxd7 Rxd7 30. b6 Rd3 31. Ba5 Rb3 32. Rc1 Bd3 33. b7 Ba6 34. Rc8+ 1-0